| 000 | 01012nam a2200265Ia 4500 | ||
|---|---|---|---|
| 003 | OSt | ||
| 005 | 20220923211233.0 | ||
| 006 | a|||||r|||| 00| 0 | ||
| 007 | ta | ||
| 008 | 220922b |||||||| |||| 00| 0 hin d | ||
| 020 |
_a9788171382934 (hbk) _c1400 |
||
| 024 | _a289,899 | ||
| 037 |
_b24574, 15/03/2016, Kitab Ghar _cTextual |
||
| 040 |
_aARTS _cARTS _bhin |
||
| 041 |
_2hin _ahin |
||
| 082 | _aO152,3x, Q4.1-.3 | ||
| 100 | _aसुशील सिद्धार्थ, संपा. | ||
| 245 | 0 | _aहिन्दी कहानी का युवा परिदृश्य | |
| 246 | _aHindī kahānī kā yuvā paridṛushya | ||
| 260 |
_aनई दिल्ली _b सामयिक प्रकाशन _c2014 |
||
| 490 | _vखण्ड 1 | ||
| 650 |
_aहिन्दी साहित्य _9156264 |
||
| 942 |
_hO152,3x, Q4.1-.3 _cTEXL _2CC |
||
| 999 |
_c297417 _d297417 |
||